| 000 | 00431nam a2200181Ia 4500 | ||
|---|---|---|---|
| 005 | 20250603145801.0 | ||
| 008 | 250603s9999 xx 000 0 und d | ||
| 020 | _a9789784918381 | ||
| 050 | _aHB 172.5 .S77/ | ||
| 100 | _aIsik, Abdurahman | ||
| 245 | 0 | _aStructure of Nigerian macroeconomics | |
| 260 | _aEnugu | ||
| 260 | _bRossen Publications Ltd. | ||
| 260 | _c2016 | ||
| 300 | _a164 p | ||
| 650 | _aEnugu | ||
| 942 | _cBK | ||
| 999 |
_c42842 _d42842 |
||